Normal view
MARC view
- James B. Dilworth
Entry Personal Name
001 - CONTROL NUMBER
- control field: 127332
003 - CONTROL NUMBER IDENTIFIER
- control field: NUST
005 - DATE AND TIME OF LATEST TRANSACTION
- control field: 20250102101836.0
008 - FIXED-LENGTH DATA ELEMENTS
- fixed length control field: 250102|| aca||aabn | a|a d
040 ## - CATALOGING SOURCE
- Original cataloging agency: NUST
- Transcribing agency: NUST
100 ## - HEADING--PERSONAL NAME
- Personal name: James B. Dilworth
670 ## - SOURCE DATA FOUND
- Source citation: Work cat.: (NUST): James B. Dilworth, Operations management , 1996.
